banner-ar

النظم الانتخابية ومستقبل الدمقراطية فى الجمهوريات اليمنية (بحوث ومناقشات الندوة المنعقدة فى صنعاء 17,16 فبراير 1993م / (Record no. 32984)

MARC details
000 -الفاتح
حقل البيانات ثابتة الطول 00761nam a2200205Ia 4500
008 - عناصر البيانات ثابتة الطول - معلومات عامة
حقل البيانات ثابتة الطول 140319s9999 xx 000 0 ara d
040 ## - مصدر الفهرسة
وكالة الفهرسة الأصلية GCL /
وكالة النسخ GCL
082 04 - رقم تصنيف ديوى العشرى
رقم التصنيف 324.532
رقم المادة ا ن
100 1# - المدخل الرئيسى - إسم شخصى
الإسم الشخصى احمد شرف الدين
245 10 - بيان العنوان
العنوان النظم الانتخابية ومستقبل الدمقراطية فى الجمهوريات اليمنية (بحوث ومناقشات الندوة المنعقدة فى صنعاء 17,16 فبراير 1993م /
بيان المسئوليه,etc احمد شرف الدين
700 1# - المدخل الاضافى - اسم شخصى
الإسم الشخصى احمد الكبسى
700 1# - المدخل الاضافى - اسم شخصى
الإسم الشخصى الهام مانع
260 ## - PUBLICATION, DISTRIBUTION, ETC. (IMPRINT)
تاريخ النشر أو التوزيع 1993
490 ## - بيان السلسلة
عنوان السلسلة
650 04 - المدخل الاضافى بالموضوع-مصطلح موضوعى
مصطلح موضوعي اليمن
650 04 - المدخل الاضافى بالموضوع-مصطلح موضوعى
مصطلح موضوعي الانتخابات
650 04 - المدخل الاضافى بالموضوع-مصطلح موضوعى
مصطلح موضوعي الديمقراطية
942 ## - عناصر المدخل الإضافي( كوها)
مصدر التصنيف او مخطط الترفيف Dewey Decimal Classification
Koha [default] item type كتاب
260 ## - PUBLICATION, DISTRIBUTION, ETC. (IMPRINT)
-- [S.N] :
-- دائرة الاعلام ،
Holdings
حالة التراجع حالة الفقد حالة تلف ليس للاعارة المكان المؤقت الموقع الحالى تاريخ الاكتساب اجمالي اﻻعارات رقم الطلب الباركود تاريخ اخر مشاهدة تاريخ تفعيل السعر نوع وعاء كوها
        مكتبة القاهرة الكبرى مكتبة القاهرة الكبرى 03/26/2014   324.532\ا ن 78229 03/26/2014 03/26/2014 كتاب

Powered By

EGPV